Определение содержания меди и свинца в природных водах для оценки степени их загрязнения; Ресурсосберегающие технологии в контроле, управлении качеством и безопасности
| Parent link: | Ресурсосберегающие технологии в контроле, управлении качеством и безопасности.— 2025.— С. 146-148 |
|---|---|
| Hlavní autor: | |
| Další autoři: | , |
| Shrnutí: | В работе проведено исследование качества природных вод по содержанию тяжелых металлов в черте г. Томска. Были описаны использованные методы определения содержания тяжелых металлов. Проведен анализ и сравнение полученных результатов с установленными нормативами. Показано, что возможным источником загрязнения водных экосистем тяжелыми металлами является автотранспорт This study examined the quality of natural waters for heavy metal content within the city of Tomsk. The methods used to determine heavy metal content were described. The results were analyzed and compared with established standards. It was shown that motor vehicles are a potential source of heavy metal pollution in aquatic ecosystems Текстовый файл |
| Jazyk: | ruština |
| Vydáno: |
2025
|
| Témata: | |
| On-line přístup: | http://earchive.tpu.ru/handle/11683/133706 |
| Médium: | MixedMaterials Elektronický zdroj Kapitola |
| KOHA link: | https://koha.lib.tpu.ru/cgi-bin/koha/opac-detail.pl?biblionumber=683948 |
MARC
| LEADER | 00000naa2a2200000 4500 | ||
|---|---|---|---|
| 001 | 683948 | ||
| 005 | 20260119095615.0 | ||
| 090 | |a 683948 | ||
| 100 | |a 20251223d2025 k||y0rusy50 ca | ||
| 101 | 0 | |a rus | |
| 102 | |a RU | ||
| 135 | |a drbn ---uucaa | ||
| 200 | 1 | |a Определение содержания меди и свинца в природных водах для оценки степени их загрязнения |d Determination of copper and lead content in natural waters to assess the degree of their pollution |f Крауляйдис Ю. И., Михеева А. В. |z eng |g науч. рук. Вторушина А. Н. | |
| 320 | |a Список литературы: 4 назв | ||
| 330 | |a В работе проведено исследование качества природных вод по содержанию тяжелых металлов в черте г. Томска. Были описаны использованные методы определения содержания тяжелых металлов. Проведен анализ и сравнение полученных результатов с установленными нормативами. Показано, что возможным источником загрязнения водных экосистем тяжелыми металлами является автотранспорт | ||
| 330 | |a This study examined the quality of natural waters for heavy metal content within the city of Tomsk. The methods used to determine heavy metal content were described. The results were analyzed and compared with established standards. It was shown that motor vehicles are a potential source of heavy metal pollution in aquatic ecosystems | ||
| 336 | |a Текстовый файл | ||
| 463 | 1 | |0 683817 |9 683817 |t Ресурсосберегающие технологии в контроле, управлении качеством и безопасности |o сборник научных трудов XIV Международной конференции студентов, аспирантов, молодых ученых "Ресурсоэффективные системы в управлении и контроле: взгляд в будущее", г. Томск, 25-27 ноября 2025 г. |c Томск |d 2025 |n Изд-во ТПУ |v С. 146-148 |u conference_tpu-2025-C47.pdf | |
| 610 | 1 | |a электронный ресурс | |
| 610 | 1 | |a труды учёных ТПУ | |
| 610 | 1 | |a природные воды | |
| 610 | 1 | |a оценка качества водных объектов | |
| 610 | 1 | |a загрязнение воды | |
| 610 | 1 | |a тяжелые металлы | |
| 610 | 1 | |a предельно допустимая концентрация | |
| 610 | 1 | |a турбидиметрия | |
| 610 | 1 | |a йодометрия | |
| 610 | 1 | |a автотранспорт | |
| 700 | 1 | |a Крауляйдис |b Ю. И. |g Юлия Игоревна | |
| 701 | |a Михеева |b А. В. |g Анастасия Владимировна | ||
| 702 | 1 | |a Вторушина |b А. Н. |c специалист в области экологии и безопасности жизнедеятельности |c доцент Томского политехнического университета, кандидат химических наук |f 1981- |g Анна Николаевна |4 727 | |
| 801 | 0 | |a RU |b 63413507 |c 20251223 | |
| 850 | |a 63413507 | ||
| 856 | |u http://earchive.tpu.ru/handle/11683/133706 |z http://earchive.tpu.ru/handle/11683/133706 | ||
| 942 | |c CF | ||